000 00250nam a2200121Ia 4500
100 _a#N/A
942 _cBK
245 _aSTRUTS 2 with Hibernate 3 Project for beginners -SPD
260 _b#N/A
082 _b21975
546 _aENGLISH
999 _c30810
_d30810